[Event "ITT Bent Larsen In Memorial 2011"]
[Site "Buenos Aires ARG"]
[Date "2011.08.24"]
[Round "1.1"]
[White "Claverie, Raul Ricardo"]
[Black "Sandoval, Teofilo"]
[Result "1-0"]
[WhiteElo "2480"]
[BlackElo "2104"]
[PlyCount "87"]
[EventDate "2011.08.24"]
[EventType "tourn"]
[EventRounds "9"]
[EventCountry "ARG"]
[EventCategory "3"]
[Source "lmi"]
[SourceDate "2011.08.24"]

1. d4 d5 2. Nf3 Nf6 3. Bf4 Bf5 4. e3 Nbd7 5. c4 c6 6. Nc3 e6 7. Qb3 Qb6 8. c5
Qxb3 9. axb3 Be7 10. b4 O-O 11. b5 cxb5 12. Nxb5 a6 13. Nd6 Bxd6 14. Bxd6 Rfc8
15. h3 Ne4 16. Bh2 h6 17. Be2 f6 18. Nd2 Nxd2 19. Kxd2 e5 20. b4 Kf7 21. Ra3
exd4 22. exd4 Nf8 23. Bf3 Rd8 24. Rha1 Rac8 25. b5 axb5 26. Ra7 Ne6 27. Rxb7+
Kg8 28. Kc3 Be4 29. Raa7 b4+ 30. Rxb4 Bxf3 31. gxf3 Ra8 32. Rbb7 Rxa7 33. Rxa7
Rc8 34. Rd7 Nxc5 35. dxc5 Rxc5+ 36. Kd2 Rb5 37. Kc3 Kh7 38. Bd6 h5 39. Bf8 d4+
40. Kc4 Rg5 41. Kxd4 h4 42. Rxg7+ Rxg7 43. Bxg7 Kxg7 44. Ke4 1-0

[Event "ITT Bent Larsen In Memorial 2011"]
[Site "Buenos Aires ARG"]
[Date "2011.08.24"]
[Round "1.2"]
[White "Vargas Maliqueo, Ivan Patricio"]
[Black "Tristan, Leonardo"]
[Result "0-1"]
[WhiteElo "2198"]
[BlackElo "2450"]
[PlyCount "71"]
[EventDate "2011.08.24"]
[EventType "tourn"]
[EventRounds "9"]
[EventCountry "ARG"]
[EventCategory "3"]
[Source "lmi"]
[SourceDate "2011.08.24"]

1. d4 Nf6 2. c4 e6 3. Nf3 d5 4. g3 dxc4 5. Bg2 Nc6 6. O-O Rb8 7. a4 a6 8. Bg5
h6 9. Bxf6 Qxf6 10. Nc3 Bb4 11. Ne4 Qe7 12. Qc2 b5 13. axb5 axb5 14. b3 Na5 15.
bxc4 Nxc4 16. Ne5 Nxe5 17. dxe5 O-O 18. Rfc1 Ba3 19. Rcb1 Bb7 20. Nf6+ gxf6 21.
Bxb7 Rxb7 22. exf6 Qc5 23. Qd2 Qg5 24. Qxg5+ hxg5 25. Rxa3 c5 26. h4 b4 27. Ra5
Rc8 28. hxg5 c4 29. Kg2 c3 30. Rh1 c2 31. Raa1 b3 32. g6 fxg6 33. Rh6 b2 34.
Rah1 c1=Q 35. Rxg6+ Kf7 36. Rhh6 0-1

[Event "ITT Bent Larsen In Memorial 2011"]
[Site "Buenos Aires ARG"]
[Date "2011.08.24"]
[Round "1.3"]
[White "Saldaño Dayer, Horacio"]
[Black "Sapienza, Julian"]
[Result "1-0"]
[WhiteElo "2428"]
[BlackElo "2219"]
[PlyCount "101"]
[EventDate "2011.08.24"]
[EventType "tourn"]
[EventRounds "9"]
[EventCountry "ARG"]
[EventCategory "3"]
[Source "lmi"]
[SourceDate "2011.08.24"]

1. d4 Nf6 2. Bg5 Ne4 3. Bf4 e6 4. e3 Bd6 5. Bxd6 Nxd6 6. c4 c5 7. dxc5 Qa5+ 8.
Nc3 Ne4 9. Nge2 Na6 10. a3 Nxc3 11. Nxc3 Qxc5 12. Ne4 Qe5 13. Qd4 Qxd4 14. exd4
Ke7 15. c5 b6 16. Bxa6 Bxa6 17. Nd6 bxc5 18. dxc5 Rhb8 19. b4 Bb5 20. a4 Bc6
21. b5 Bd5 22. Kd2 a6 23. f3 axb5 24. axb5 f5 25. Kc3 g5 26. Kd4 Ba2 27. Rhc1
Ra4+ 28. Rc4 e5+ 29. Kc3 Ra3+ 30. Kd2 Bxc4 31. Rxa3 Rxb5 32. Nxc4 Rxc5 33. Kd3
h5 34. Ra6 d6 35. Ra7+ Ke6 36. Rh7 g4 37. Rh6+ Ke7 38. Ne3 gxf3 39. Nxf5+ Kf8
40. gxf3 d5 41. Rxh5 e4+ 42. fxe4 dxe4+ 43. Kxe4 Rc1 44. Rh7 Kg8 45. Ra7 Rh1
46. h4 Kh8 47. Kf4 Rg1 48. h5 Rg2 49. Nh4 Rh2 50. Kg5 Kg8 51. h6 1-0

[Event "ITT Bent Larsen In Memorial 2011"]
[Site "Buenos Aires ARG"]
[Date "2011.08.24"]
[Round "1.4"]
[White "Altamirano, Benjamin"]
[Black "Zapata Ferrada, Marco"]
[Result "1/2-1/2"]
[WhiteElo "2240"]
[BlackElo "2380"]
[PlyCount "21"]
[EventDate "2011.08.24"]
[EventType "tourn"]
[EventRounds "9"]
[EventCountry "ARG"]
[EventCategory "3"]
[Source "lmi"]
[SourceDate "2011.08.24"]

1. g3 Nf6 2. Bg2 g6 3. c4 Bg7 4. Nc3 O-O 5. e4 d6 6. Nge2 c5 7. O-O Nc6 8. d3
a6 9. a4 Rb8 10. h3 Nd4 11. Rb1 1/2-1/2

[Event "ITT Bent Larsen In Memorial 2011"]
[Site "Buenos Aires ARG"]
[Date "2011.08.25"]
[Round "2.1"]
[White "Vargas Maliqueo, Ivan Patricio"]
[Black "Claverie, Raul Ricardo"]
[Result "1-0"]
[WhiteElo "2198"]
[BlackElo "2480"]
[PlyCount "65"]
[EventDate "2011.08.24"]
[EventType "tourn"]
[EventRounds "9"]
[EventCountry "ARG"]
[EventCategory "3"]
[Source "lmi"]
[SourceDate "2011.08.24"]

1. d4 f5 2. c4 Nf6 3. Nc3 g6 4. g3 Bg7 5. Bg2 O-O 6. Nh3 d6 7. O-O c6 8. Qc2
Qe8 9. b3 h6 10. e3 g5 11. f4 g4 12. Nf2 h5 13. Ba3 h4 14. Rad1 Qh5 15. Rfe1
Qh8 16. e4 Nh5 17. Ne2 fxe4 18. Bxe4 hxg3 19. hxg3 Nf6 20. Bg6 Bh6 21. Rd3 Qg7
22. Re3 Rd8 23. Nc3 e6 24. R3e2 Nbd7 25. Bxd6 Nf8 26. Bxf8 Qxf8 27. d5 exd5 28.
cxd5 cxd5 29. Re7 d4 30. Rf7 Qb4 31. Bh7+ Kh8 32. Qg6 Bf5 33. Qxf6+ 1-0

[Event "ITT Bent Larsen In Memorial 2011"]
[Site "Buenos Aires ARG"]
[Date "2011.08.25"]
[Round "2.2"]
[White "Sapienza, Julian"]
[Black "Sandoval, Teofilo"]
[Result "1-0"]
[WhiteElo "2219"]
[BlackElo "2104"]
[PlyCount "85"]
[EventDate "2011.08.24"]
[EventType "tourn"]
[EventRounds "9"]
[EventCountry "ARG"]
[EventCategory "3"]
[Source "lmi"]
[SourceDate "2011.08.24"]

1. e4 b6 2. Bc4 e6 3. Nc3 a5 4. Nf3 Ba6 5. Bxa6 Nxa6 6. O-O Bb4 7. Ne2 c6 8. c3
Be7 9. d4 d5 10. e5 Qd7 11. Ng3 h5 12. h4 g6 13. Bg5 c5 14. Bxe7 Nxe7 15. Ng5
b5 16. Qf3 Nf5 17. Nxf5 gxf5 18. Qg3 O-O-O 19. a4 b4 20. cxb4 axb4 21. dxc5 Kb8
22. Rfc1 Qc7 23. Qd3 Ka7 24. Qd4 Ka8 25. f4 Rb8 26. b3 Rhg8 27. Rc2 Rb7 28.
Rac1 Qc6 29. Qd1 Rh8 30. Nf3 Rc7 31. Nd4 Qb7 32. Kh2 Nb8 33. c6 Qb6 34. a5 Qa6
35. Rc5 Qc8 36. a6 Nxa6 37. Ra1 Ra7 38. Nb5 Qd8 39. g3 Qb6 40. Nxa7 Qxc5 41.
Rxa6 Kb8 42. c7+ Kb7 43. Qf1 1-0

[Event "ITT Bent Larsen In Memorial 2011"]
[Site "Buenos Aires ARG"]
[Date "2011.08.25"]
[Round "2.3"]
[White "Tristan, Leonardo"]
[Black "Altamirano, Benjamin"]
[Result "1/2-1/2"]
[WhiteElo "2450"]
[BlackElo "2240"]
[PlyCount "37"]
[EventDate "2011.08.24"]
[EventType "tourn"]
[EventRounds "9"]
[EventCountry "ARG"]
[EventCategory "3"]
[Source "lmi"]
[SourceDate "2011.08.24"]

1. d4 d5 2. Bg5 h6 3. Bh4 c6 4. Nf3 Qb6 5. b3 Bf5 6. e3 Nd7 7. Bd3 Bxd3 8. Qxd3
e6 9. O-O Be7 10. Bg3 Ngf6 11. Nbd2 O-O 12. c4 Qa6 13. e4 dxe4 14. Nxe4 Nxe4
15. Qxe4 Bf6 16. Qe2 Rfe8 17. Rad1 Qa5 18. Rfe1 Red8 19. Bf4 1/2-1/2

[Event "ITT Bent Larsen In Memorial 2011"]
[Site "Buenos Aires ARG"]
[Date "2011.08.25"]
[Round "2.4"]
[White "Antonio, Jorge Carlos"]
[Black "Saldaño Dayer, Horacio"]
[Result "1/2-1/2"]
[WhiteElo "2314"]
[BlackElo "2428"]
[PlyCount "33"]
[EventDate "2011.08.24"]
[EventType "tourn"]
[EventRounds "9"]
[EventCountry "ARG"]
[EventCategory "3"]
[Source "lmi"]
[SourceDate "2011.08.24"]

1. e4 e5 2. Nf3 Nf6 3. Nxe5 d6 4. Nf3 Nxe4 5. Qe2 Qe7 6. d3 Nf6 7. Nc3 Bg4 8.
Qxe7+ Bxe7 9. Be2 Nc6 10. Be3 Nb4 11. O-O-O Nfd5 12. Nxd5 Nxd5 13. Bd2 O-O-O
14. h3 Bh5 15. Rhe1 c6 16. Nd4 Bxe2 17. Rxe2 1/2-1/2

[Event "ITT Bent Larsen In Memorial 2011"]
[Site "Buenos Aires ARG"]
[Date "2011.08.25"]
[Round "2.5"]
[White "Zapata Ferrada, Marco"]
[Black "Perelman, Hernan"]
[Result "1/2-1/2"]
[WhiteElo "2380"]
[BlackElo "2335"]
[PlyCount "25"]
[EventDate "2011.08.24"]
[EventType "tourn"]
[EventRounds "9"]
[EventCountry "ARG"]
[EventCategory "3"]
[Source "lmi"]
[SourceDate "2011.08.24"]

1. Nf3 Nf6 2. c4 e6 3. d4 d5 4. Nc3 Nbd7 5. cxd5 exd5 6. Bg5 Be7 7. e3 c6 8.
Bd3 O-O 9. O-O Re8 10. Qc2 g6 11. Rab1 Nh5 12. Bxe7 Qxe7 13. b4 1/2-1/2

[Event "ITT Bent Larsen In Memorial 2011"]
[Site "Buenos Aires ARG"]
[Date "2011.08.25"]
[Round "3.3"]
[White "Antonio, Jorge Carlos"]
[Black "Sandoval, Teofilo"]
[Result "1-0"]
[WhiteElo "2314"]
[BlackElo "2104"]
[PlyCount "64"]
[EventDate "2011.08.24"]
[EventType "tourn"]
[EventRounds "9"]
[EventCountry "ARG"]
[EventCategory "3"]
[Source "lmi"]
[SourceDate "2011.08.24"]

1. d4 d6 2. e4 g6 3. Nf3 Bg7 4. Be3 Nf6 5. Nc3 c6 6. Bd3 b5 7. O-O a6 8. h3 O-O
9. Qd2 Qc7 10. Rfe1 e5 11. Ne2 exd4 12. Bxd4 c5 13. e5 cxd4 14. exf6 Bxf6 15.
Nexd4 Bb7 16. c3 Nc6 17. Nxc6 Bxc6 18. Nd4 Bb7 19. Be4 d5 20. Bf3 Rfe8 21. a3
Kg7 22. g3 h5 23. h4 Qd7 24. Bg2 a5 25. Bf1 b4 26. Rxe8 Qxe8 27. axb4 axb4 28.
Rxa8 Qxa8 29. cxb4 Ba6 30. b5 Bc8 31. Bg2 Qa1+ 32. Kh2 Be6 1-0

[Event "ITT Bent Larsen In Memorial 2011"]
[Site "Buenos Aires ARG"]
[Date "2011.08.25"]
[Round "3.4"]
[White "Perelman, Hernan"]
[Black "Tristan, Leonardo"]
[Result "1/2-1/2"]
[WhiteElo "2335"]
[BlackElo "2450"]
[PlyCount "40"]
[EventDate "2011.08.24"]
[EventType "tourn"]
[EventRounds "9"]
[EventCountry "ARG"]
[EventCategory "3"]
[Source "lmi"]
[SourceDate "2011.08.24"]

1. d4 Nf6 2. c4 e6 3. g3 d5 4. Nf3 dxc4 5. Qa4+ Nc6 6. Bg2 Nd7 7. Qxc4 Nb6 8.
Qd3 e5 9. Nxe5 Nb4 10. Qc3 Qxd4 11. O-O Qxc3 12. Nxc3 Bd6 13. Nf3 c6 14. Rd1
Be7 15. a3 N4d5 16. Nxd5 Nxd5 17. Nd4 O-O 18. Bxd5 cxd5 19. Be3 Bg4 20. Rac1
Rac8 1/2-1/2

[Event "ITT Bent Larsen In Memorial 2011"]
[Site "Buenos Aires ARG"]
[Date "2011.08.25"]
[Round "3.5"]
[White "Saldaño Dayer, Horacio"]
[Black "Zapata Ferrada, Marco"]
[Result "1/2-1/2"]
[WhiteElo "2428"]
[BlackElo "2380"]
[PlyCount "39"]
[EventDate "2011.08.24"]
[EventType "tourn"]
[EventRounds "9"]
[EventCountry "ARG"]
[EventCategory "3"]
[Source "lmi"]
[SourceDate "2011.08.24"]

1. d4 d5 2. c4 c6 3. Nf3 Nf6 4. Nc3 g6 5. cxd5 cxd5 6. Bf4 Nc6 7. Ne5 Bg7 8.
Nxc6 bxc6 9. e3 O-O 10. Bd3 Nh5 11. Bg5 Rb8 12. Rb1 Qc7 13. O-O h6 14. Bh4 e5
15. Be2 exd4 16. exd4 Qf4 17. Be7 Re8 18. Bc5 Bf5 19. Bd3 Bxd3 20. Qxd3 1/2-1/2

[Event "ITT Bent Larsen In Memorial 2011"]
[Site "Buenos Aires ARG"]
[Date "2011.08.26"]
[Round "4.1"]
[White "Altamirano, Benjamin"]
[Black "Claverie, Raul Ricardo"]
[Result "1-0"]
[WhiteElo "2240"]
[BlackElo "2480"]
[PlyCount "115"]
[EventDate "2011.08.24"]
[EventType "tourn"]
[EventRounds "9"]
[EventCountry "ARG"]
[EventCategory "3"]
[Source "lmi"]
[SourceDate "2011.08.24"]

1. c4 f5 2. g3 Nf6 3. Bg2 d6 4. d3 g6 5. e4 Nc6 6. Ne2 Bg7 7. O-O O-O 8. Nbc3
fxe4 9. dxe4 e5 10. Nd5 Be6 11. h3 Qd7 12. Kh2 Ne7 13. Be3 c6 14. Nxe7+ Qxe7
15. Rc1 Ne8 16. Qd2 Nc7 17. Rfd1 Rfd8 18. Qb4 c5 19. Qd2 b5 20. b3 a5 21. f4
Bf7 22. f5 b4 23. Rf1 gxf5 24. exf5 d5 25. cxd5 Bxd5 26. Bxd5+ Rxd5 27. Qc2 Bf8
28. Qe4 Ra6 29. Ng1 Bh6 30. Rcd1 Bxe3 31. Rxd5 Bxg1+ 32. Rxg1 Nxd5 33. Qxd5+
Kf8 34. Re1 Qd6 35. Qxe5 Qxe5 36. Rxe5 a4 37. g4 axb3 38. axb3 Ra2+ 39. Kg3 Rb2
40. Rxc5 Rxb3+ 41. Kh4 Rc3 42. Rb5 b3 43. Rb7 Kg8 44. g5 Rc4+ 45. Kh5 Rc3 46.
h4 Rh3 47. Kg4 Rc3 48. Rb4 Kg7 49. h5 h6 50. Rb7+ Kg8 51. Rb8+ Kf7 52. g6+ Kf6
53. Rf8+ Ke5 54. Re8+ Kd4 55. Rb8 Rc4 56. g7 b2 57. g8=Q Kd3+ 58. Qxc4+ 1-0

[Event "ITT Bent Larsen In Memorial 2011"]
[Site "Buenos Aires ARG"]
[Date "2011.08.26"]
[Round "4.2"]
[White "Antonio, Jorge Carlos"]
[Black "Sapienza, Julian"]
[Result "1-0"]
[WhiteElo "2314"]
[BlackElo "2219"]
[PlyCount "73"]
[EventDate "2011.08.24"]
[EventType "tourn"]
[EventRounds "9"]
[EventCountry "ARG"]
[EventCategory "3"]
[Source "lmi"]
[SourceDate "2011.08.24"]

1. d4 Nf6 2. c4 d5 3. Nf3 e6 4. Nc3 dxc4 5. a4 c6 6. e3 Qa5 7. Bd2 Be7 8. Bxc4
O-O 9. Nd5 Qd8 10. Nxe7+ Qxe7 11. Qb3 a5 12. O-O Ne4 13. Be1 Na6 14. Bd3 Ng5
15. Ne5 f6 16. Nc4 Nb4 17. Nxa5 Nxd3 18. Qxd3 b6 19. Nc4 Ba6 20. Qb3 Qf7 21.
Bb4 c5 22. dxc5 Nh3+ 23. Kh1 Qh5 24. Nd6 bxc5 25. Qxe6+ Kh8 26. Bc3 Bxf1 27.
Qxh3 Rxa4 28. Rxf1 Rh4 29. Qg3 Ra4 30. f3 Rfa8 31. h3 Qd5 32. e4 Qd3 33. Re1
Ra1 34. Nf5 Rxe1+ 35. Bxe1 Qd7 36. Bc3 c4 37. Kh2 1-0

[Event "ITT Bent Larsen In Memorial 2011"]
[Site "Buenos Aires ARG"]
[Date "2011.08.26"]
[Round "4.4"]
[White "Zapata Ferrada, Marco"]
[Black "Sandoval, Teofilo"]
[Result "1-0"]
[WhiteElo "2380"]
[BlackElo "2104"]
[PlyCount "76"]
[EventDate "2011.08.24"]
[EventType "tourn"]
[EventRounds "9"]
[EventCountry "ARG"]
[EventCategory "3"]
[Source "lmi"]
[SourceDate "2011.08.24"]

1. d4 c5 2. d5 d6 3. Nc3 Na6 4. e4 Nc7 5. Nf3 g6 6. Be2 Bg7 7. O-O a6 8. a4 b6
9. h3 Nf6 10. Bf4 Nd7 11. Nd2 O-O 12. Nc4 Rb8 13. Ra2 Bb7 14. Na3 f5 15. f3 h6
16. Qd2 g5 17. Be3 Bxc3 18. Qxc3 fxe4 19. fxe4 Rxf1+ 20. Bxf1 Ne5 21. Nc4 Nxc4
22. Bxc4 b5 23. Be2 b4 24. Qd2 e6 25. Bf3 Qe7 26. Ra1 Rf8 27. h4 exd5 28. exd5
Rxf3 29. gxf3 Nxd5 30. Re1 Qf6 31. Rf1 Qxb2 32. hxg5 Nxe3 33. Qxe3 hxg5 34.
Qe8+ Kh7 35. Re1 Qd4+ 36. Qe3 Bxf3 37. Qxd4 cxd4 38. Re6 a5 1-0

[Event "ITT Bent Larsen In Memorial 2011"]
[Site "Buenos Aires ARG"]
[Date "2011.08.26"]
[Round "4.5"]
[White "Tristan, Leonardo"]
[Black "Saldaño Dayer, Horacio"]
[Result "1/2-1/2"]
[WhiteElo "2450"]
[BlackElo "2428"]
[PlyCount "25"]
[EventDate "2011.08.24"]
[EventType "tourn"]
[EventRounds "9"]
[EventCountry "ARG"]
[EventCategory "3"]
[Source "lmi"]
[SourceDate "2011.08.24"]

1. d4 Nf6 2. Bg5 e6 3. e4 h6 4. Bxf6 Qxf6 5. Nc3 Bb4 6. Qd2 d5 7. e5 Qd8 8. a3
Be7 9. f4 c5 10. dxc5 Bxc5 11. Nf3 Nc6 12. O-O-O Qa5 13. Kb1 1/2-1/2

[Event "ITT Bent Larsen In Memorial 2011"]
[Site "Buenos Aires ARG"]
[Date "2011.08.26"]
[Round "5.1"]
[White "Claverie, Raul Ricardo"]
[Black "Antonio, Jorge Carlos"]
[Result "1/2-1/2"]
[WhiteElo "2480"]
[BlackElo "2314"]
[PlyCount "57"]
[EventDate "2011.08.24"]
[EventType "tourn"]
[EventRounds "9"]
[EventCountry "ARG"]
[EventCategory "3"]
[Source "lmi"]
[SourceDate "2011.08.24"]

1. b3 e5 2. Bb2 Nc6 3. e3 d6 4. c4 Nf6 5. d3 Be7 6. Nf3 O-O 7. Be2 a5 8. a3 h6
9. O-O Bf5 10. Nc3 Bh7 11. Nd5 Nxd5 12. cxd5 Nb8 13. Rc1 c5 14. dxc6 Nxc6 15.
d4 e4 16. Nd2 d5 17. Bb5 Rc8 18. Bxc6 bxc6 19. Qe2 Qb6 20. Rc2 f5 21. Rfc1 Rf6
22. Rc5 Rcf8 23. R5c2 Bg6 24. g3 Be8 25. f4 Bd7 26. Qh5 Be8 27. Qe2 Bd7 28. Qh5
Be8 29. Qe2 1/2-1/2

[Event "ITT Bent Larsen In Memorial 2011"]
[Site "Buenos Aires ARG"]
[Date "2011.08.26"]
[Round "5.2"]
[White "Perelman, Hernan"]
[Black "Altamirano, Benjamin"]
[Result "1/2-1/2"]
[WhiteElo "2335"]
[BlackElo "2240"]
[PlyCount "45"]
[EventDate "2011.08.24"]
[EventType "tourn"]
[EventRounds "9"]
[EventCountry "ARG"]
[EventCategory "3"]
[Source "lmi"]
[SourceDate "2011.08.24"]

1. c4 c5 2. Nc3 g6 3. g3 Bg7 4. Bg2 Nc6 5. e4 Nf6 6. Nge2 O-O 7. d3 d6 8. O-O
Bd7 9. h3 Ne8 10. Be3 Nd4 11. Rb1 Bc6 12. Qd2 Nc7 13. a3 Nce6 14. b4 Nxe2+ 15.
Nxe2 b6 16. h4 Nd4 17. Nxd4 cxd4 18. Bh6 e5 19. Bxg7 Kxg7 20. f4 Qe7 21. Rf2 b5
22. Rbf1 f6 23. Qc1 1/2-1/2

[Event "ITT Bent Larsen In Memorial 2011"]
[Site "Buenos Aires ARG"]
[Date "2011.08.26"]
[Round "5.4"]
[White "Saldaño Dayer, Horacio"]
[Black "Vargas Maliqueo, Ivan Patricio"]
[Result "1-0"]
[WhiteElo "2428"]
[BlackElo "2198"]
[PlyCount "59"]
[EventDate "2011.08.24"]
[EventType "tourn"]
[EventRounds "9"]
[EventCountry "ARG"]
[EventCategory "3"]
[Source "lmi"]
[SourceDate "2011.08.24"]

1. e4 c5 2. Nf3 d6 3. d4 cxd4 4. Nxd4 Nf6 5. Nc3 a6 6. g3 Qb6 7. Bg2 e5 8. Nde2
g6 9. O-O Bg7 10. Bg5 O-O 11. Qd2 Nbd7 12. a4 Re8 13. a5 Qc7 14. Rfd1 Nc5 15.
Qxd6 Qxd6 16. Rxd6 Be6 17. h3 Ncd7 18. Rd2 h6 19. Be3 Rac8 20. Nd5 Bxd5 21.
exd5 Nh7 22. d6 e4 23. Bd4 Nhf6 24. Nc3 Kh7 25. Bxf6 Bxf6 26. Nxe4 Bxb2 27. Rb1
Be5 28. Rxb7 Rcd8 29. c4 Kg7 30. f4 1-0

[Event "ITT Bent Larsen In Memorial 2011"]
[Site "Buenos Aires ARG"]
[Date "2011.08.26"]
[Round "5.5"]
[White "Sandoval, Teofilo"]
[Black "Tristan, Leonardo"]
[Result "0-1"]
[WhiteElo "2104"]
[BlackElo "2450"]
[PlyCount "98"]
[EventDate "2011.08.24"]
[EventType "tourn"]
[EventRounds "9"]
[EventCountry "ARG"]
[EventCategory "3"]
[Source "lmi"]
[SourceDate "2011.08.24"]

1. d4 Nf6 2. c4 e6 3. a3 d5 4. Nc3 c5 5. cxd5 cxd4 6. Qxd4 Nc6 7. Qd1 exd5 8.
e3 Bc5 9. Nf3 Qe7 10. Nxd5 Nxd5 11. Qxd5 Be6 12. Qd1 O-O 13. Be2 Rfd8 14. Qa4
a6 15. O-O b5 16. Qh4 Qxh4 17. Nxh4 Na5 18. b4 Nb3 19. Rb1 Bb6 20. Nf3 Rac8 21.
Ng5 Bc4 22. Bxc4 bxc4 23. Ne4 f5 24. Nc3 Rd3 25. Ne2 Rcd8 26. a4 Rd1 27. Nc3
R1d3 28. Ne2 a5 29. bxa5 Bxa5 30. Nf4 Rd1 31. Ba3 Rxf1+ 32. Rxf1 c3 33. Ne2 c2
34. f4 Bb6 35. Kf2 Rd3 36. Bc1 Rd1 37. a5 Bxa5 38. Bb2 Bd2 39. Ng3 Rxf1+ 40.
Kxf1 Bxe3 41. Ne2 c1=Q+ 42. Bxc1 Nxc1 43. g3 Nxe2 44. Kxe2 Bc5 45. Kf3 Kf7 46.
h3 h5 47. g4 hxg4+ 48. hxg4 fxg4+ 49. Kxg4 Kf6 0-1

[Event "ITT Bent Larsen In Memorial 2011"]
[Site "Buenos Aires ARG"]
[Date "2011.08.27"]
[Round "6.1"]
[White "Perelman, Hernan"]
[Black "Claverie, Raul Ricardo"]
[Result "1-0"]
[WhiteElo "2335"]
[BlackElo "2480"]
[PlyCount "67"]
[EventDate "2011.08.24"]
[EventType "tourn"]
[EventRounds "9"]
[EventCountry "ARG"]
[EventCategory "3"]
[Source "lmi"]
[SourceDate "2011.08.24"]

1. d4 f5 2. g3 Nf6 3. Bg2 g6 4. c4 Bg7 5. Nh3 O-O 6. Nc3 d6 7. d5 Na6 8. Nf4 e5
9. dxe6 c6 10. Be3 g5 11. Nd3 Ng4 12. Bd2 Bxe6 13. h4 gxh4 14. Rxh4 Bxc4 15.
Qc2 Qd7 16. Nd1 d5 17. Nf4 Rae8 18. Bf3 Bf6 19. Rh1 Nc7 20. Bxg4 fxg4 21. Ne3
Bxe2 22. Nxe2 d4 23. Qd3 Qg7 24. Nf5 Qg6 25. O-O-O Re5 26. Nh6+ Kg7 27. Qxg6+
hxg6 28. Nf4 Rc5+ 29. Kb1 Re8 30. Nxg4 Rg5 31. Rh6 Kf7 32. Nxf6 Kxf6 33. Rxg6+
Kf7 34. Rd6 1-0

[Event "ITT Bent Larsen In Memorial 2011"]
[Site "Buenos Aires ARG"]
[Date "2011.08.27"]
[Round "6.2"]
[White "Zapata Ferrada, Marco"]
[Black "Antonio, Jorge Carlos"]
[Result "1/2-1/2"]
[WhiteElo "2380"]
[BlackElo "2314"]
[PlyCount "60"]
[EventDate "2011.08.24"]
[EventType "tourn"]
[EventRounds "9"]
[EventCountry "ARG"]
[EventCategory "3"]
[Source "lmi"]
[SourceDate "2011.08.24"]

1. d4 d5 2. c4 c6 3. Nf3 Nf6 4. Nc3 Bf5 5. e3 e6 6. Be2 Bd6 7. O-O h6 8. cxd5
cxd5 9. Qa4+ Nbd7 10. Nh4 Bh7 11. Qb3 Qb6 12. Qxb6 Nxb6 13. Nb5 Bb8 14. b3 a6
15. Nc3 Bd6 16. Nf3 Rc8 17. Bb2 Ne4 18. Rac1 Nxc3 19. Rxc3 Rxc3 20. Bxc3 Ke7
21. Rc1 Bf5 22. Bb2 Rc8 23. Rxc8 Nxc8 24. Ne5 Bxe5 25. dxe5 Bb1 26. a3 Bc2 27.
b4 Nb6 28. b5 axb5 29. Bxb5 Ba4 30. Bd4 Bxb5 1/2-1/2

[Event "ITT Bent Larsen In Memorial 2011"]
[Site "Buenos Aires ARG"]
[Date "2011.08.27"]
[Round "6.3"]
[White "Altamirano, Benjamin"]
[Black "Saldaño Dayer, Horacio"]
[Result "1-0"]
[WhiteElo "2240"]
[BlackElo "2428"]
[PlyCount "47"]
[EventDate "2011.08.24"]
[EventType "tourn"]
[EventRounds "9"]
[EventCountry "ARG"]
[EventCategory "3"]
[Source "lmi"]
[SourceDate "2011.08.24"]

1. c4 e5 2. g3 Nf6 3. Bg2 d5 4. cxd5 Nxd5 5. Nf3 Nc6 6. O-O Be7 7. d4 e4 8. Ne5
f5 9. Nxc6 bxc6 10. Nc3 O-O 11. f3 exf3 12. Bxf3 Kh8 13. Nxd5 cxd5 14. Bf4 c5
15. dxc5 Bxc5+ 16. Kh1 Bb7 17. b4 Bb6 18. a4 Qe7 19. a5 Be3 20. Bxe3 Qxe3 21.
Qc1 Qe6 22. e4 Rac8 23. Qa3 f4 24. g4 1-0

[Event "ITT Bent Larsen In Memorial 2011"]
[Site "Buenos Aires ARG"]
[Date "2011.08.27"]
[Round "6.4"]
[White "Tristan, Leonardo"]
[Black "Sapienza, Julian"]
[Result "1-0"]
[WhiteElo "2450"]
[BlackElo "2219"]
[PlyCount "67"]
[EventDate "2011.08.24"]
[EventType "tourn"]
[EventRounds "9"]
[EventCountry "ARG"]
[EventCategory "3"]
[Source "lmi"]
[SourceDate "2011.08.24"]

1. e4 Nc6 2. Nf3 e5 3. Bb5 Bc5 4. c3 Qe7 5. O-O a6 6. Ba4 b5 7. Bc2 d6 8. d4
Ba7 9. h3 Nd8 10. a4 f6 11. Be3 c6 12. Nbd2 Nf7 13. Re1 Ngh6 14. Nf1 O-O 15.
Ng3 g6 16. Nh2 Kg7 17. f4 c5 18. b4 cxb4 19. cxb4 d5 20. axb5 exf4 21. Bxf4
axb5 22. Nf3 Ne5 23. Nxe5 fxe5 24. Bxe5+ Kg8 25. exd5 Nf7 26. Kh1 Nxe5 27. dxe5
Qxb4 28. Ne4 Bf5 29. Nf6+ Kg7 30. Bxf5 gxf5 31. Qh5 h6 32. Qxf5 Rh8 33. Qd7+
Kg6 34. Re4 1-0

[Event "ITT Bent Larsen In Memorial 2011"]
[Site "Buenos Aires ARG"]
[Date "2011.08.27"]
[Round "6.5"]
[White "Vargas Maliqueo, Ivan Patricio"]
[Black "Sandoval, Teofilo"]
[Result "0-1"]
[WhiteElo "2198"]
[BlackElo "2104"]
[PlyCount "104"]
[EventDate "2011.08.24"]
[EventType "tourn"]
[EventRounds "9"]
[EventCountry "ARG"]
[EventCategory "3"]
[Source "lmi"]
[SourceDate "2011.08.24"]

1. Nf3 c5 2. e4 Nc6 3. Nc3 e6 4. g3 a6 5. Bg2 b5 6. O-O Bb7 7. d3 d6 8. Nh4 Be7
9. Nf3 h5 10. Be3 h4 11. a4 b4 12. Ne2 Nh6 13. h3 hxg3 14. fxg3 Bf6 15. c3 a5
16. Qd2 Ba6 17. Bxh6 Rxh6 18. Rf2 Qb6 19. c4 O-O-O 20. Raf1 Rdh8 21. h4 Nd4 22.
Nf4 Bb7 23. Nh2 Be7 24. Ng4 R6h7 25. Nh3 f5 26. exf5 Bxg2 27. Rxg2 exf5 28. Ne3
g6 29. Nf4 Rg7 30. Ned5 Qb7 31. Qe3 Bd8 32. Re1 Qd7 33. b3 Nxb3 34. Qe6 Nd4 35.
Qxd7+ Kxd7 36. Re3 g5 37. hxg5 Bxg5 38. Nb6+ Kc6 39. Nbd5 Rhg8 40. Kf2 b3 41.
Rg1 Rh8 42. Ree1 b2 43. Rb1 Rb7 44. Rg2 Rb3 45. Ke3 Re8+ 46. Kd2 Rh8 47. Ne3
Rhb8 48. Nd1 Bf6 49. Nd5 Bg5+ 50. Nf4 Nf3+ 51. Ke3 Ne5 52. Rd2 Nxc4+ 0-1

[Event "ITT Bent Larsen In Memorial 2011"]
[Site "Buenos Aires ARG"]
[Date "2011.08.28"]
[Round "7.2"]
[White "Saldaño Dayer, Horacio"]
[Black "Perelman, Hernan"]
[Result "1/2-1/2"]
[WhiteElo "2428"]
[BlackElo "2335"]
[PlyCount "23"]
[EventDate "2011.08.24"]
[EventType "tourn"]
[EventRounds "9"]
[EventCountry "ARG"]
[EventCategory "3"]
[Source "lmi"]
[SourceDate "2011.08.24"]

1. d4 Nf6 2. Bg5 e6 3. e3 d5 4. Nd2 Be7 5. Bd3 Nbd7 6. Ngf3 c5 7. c3 O-O 8. Ne5
Nxe5 9. dxe5 Nd7 10. Bf4 b6 11. Qh5 f5 12. g4 1/2-1/2